| 000 | 00319 a2200145 4500 | ||
|---|---|---|---|
| 001 | 52293 | ||
| 082 | _a530 SEA | ||
| 090 |
_c32929 _d32929 |
||
| 100 | _aSears, F W | ||
| 245 | _aUniversity Physics 4th Ed | ||
| 250 | _a4th | ||
| 260 |
_aLondon _bWesley _c1973 |
||
| 500 | _aBE Textbook H&S Dept | ||
| 600 | _aZemanskh | ||
| 942 |
_aNUST-CAE _k530 SEA |
||
| 999 |
_c287366 _d287366 |
||